000 00307nam a2200121Ia 4500
008 190216s9999||||xx |||||||||||||| ||und||
100 _aAlice Magenis & John Conrad Appel
245 0 _aHistory Of The World
260 _bEurasia Pub-Ltd
_c1963
300 _a592p
650 _aWorld History
942 _cBK
999 _c18666
_d18666